Πλαίσιο διαχείρισης ναυτιλιακής κίνησης στο Αιγαίο πέλαγος, υπό το πρίσμα ενεργειακών και γεωπολιτικών εξελίξεων : διατριβή

Αποθηκεύτηκε σε:
Λεπτομέρειες βιβλιογραφικής εγγραφής
Κύριος συγγραφέας: Δαλακλής, Δημήτριος
Συγγραφή απο Οργανισμό/Αρχή: Πανεπιστήμιο Αιγαίου Σχολή Επιστημών της Διοίκησης Τμήμα Ναυτιλίας και Επιχειρηματικών Υπηρεσιών Πρόγραμμα Μεταπτυχιακών Σπουδών "Ναυτιλία, Μεταφορές και Διεθνές Εμπόριο - ΝΑ.Μ.Ε."
Μορφή: Thesis Βιβλίο
Γλώσσα:Greek
Δημοσίευση: 2013
Θέματα:
Διαθέσιμο Online:http://hdl.handle.net/11610/11049
Ετικέτες: Προσθήκη ετικέτας
Δεν υπάρχουν, Καταχωρήστε ετικέτα πρώτοι!

MARC

LEADER 00000cam a2200000 i 4500
001 1/55814
008 140912s2013 gre d
035 |l 10119073 
040 |a GR-MY-UA  |b gre  |e aacr 
041 0 |a gre 
082 0 |a 320.120916388  |2 (23) 
100 1 |a Δαλακλής, Δημήτριος. 
245 1 0 |a Πλαίσιο διαχείρισης ναυτιλιακής κίνησης στο Αιγαίο πέλαγος, υπό το πρίσμα ενεργειακών και γεωπολιτικών εξελίξεων :  |b διατριβή /  |c Δαλακλής Δημήτριος 
260 |c 2013 
300 |a 2τ. (ποικίλη σελιδαρίθμηση);  |b εικ., πίν., χάρτες, διαγρ.;  |c 30 εκ. 
500 |a Επταμελής επιτροπή: Πέτρος Π. Σιούσιουρας, Ιωάννης Καρκαζής, Νικήτας Ν. Νικητάκος, Γρηγόρης Ι. Τσάλτας, Ιωάννης Σ. Βαβούρας, Ιωάννης Σεϊμένης, Μιχάλης Φαφαλιός 
502 # # |a Διατριβή (διδακτορική) – Πανεπιστήμιο Αιγαίου, Χίος, 2013. 
504 |a Περιλαμβάνει βιβλιογραφία 
650 0 0 |a Geopolitics  |z Aegean Sea Region. 
650 0 0 |a Energy development  |z Aegean Sea Region. 
650 0 0 |a Dissertations, Academic  |z Greece. 
710 1 |a Πανεπιστήμιο Αιγαίου  |b Σχολή Επιστημών της Διοίκησης  |b Τμήμα Ναυτιλίας και Επιχειρηματικών Υπηρεσιών  |b Πρόγραμμα Μεταπτυχιακών Σπουδών "Ναυτιλία, Μεταφορές και Διεθνές Εμπόριο - ΝΑ.Μ.Ε.". 
852 |a INST  |b CHIOS  |c DIATR  |e 20140915  |h 320.120916388 ΔΑΛ  |p 005200034770  |q 005200034770  |t PHD  |v τ.2:  |y 23  |z τ.2 
852 |a INST  |b CHIOS  |c DIATR  |e 20140915  |h 320.120916388 ΔΑΛ  |p 005200034771  |q 005200034771  |t PHD  |v τ.1:  |y 23  |z τ.1 
852 |a INST  |b CHIOS  |c DIATR  |e 20140915  |h 320.120916388 ΔΑΛ  |p 005200034772  |q 005200034772  |t PHD  |v τ.2:  |y 23  |z τ.2 
852 |a INST  |b CHIOS  |c DIATR  |e 20140912  |h 320.120916388 ΔΑΛ  |p 005200034773  |q 005200034773  |t PHD  |v τ.1:  |y 23  |z τ.1 
853 |a INST  |b CHIOS  |c DIATR  |h 320.120916388 ΔΑΛ 
856 |u http://hdl.handle.net/11610/11049 
901 |a BIBL2-2014-3 
909 |a Χ  |b 179815 
909 |a Χ  |b 179816 
909 |a Χ  |b 179817 
909 |a Χ  |b 179818 
924 |a ΔΑΛΑΚΛΗΣ  |b ΔΗΜΗΤΡΗΣ  |y ΧΙΟΣ  |z 2013-09 
970 |a ΠΑΡΟΙΚΑΚΗ  |b ΒΑΣΙΛΙΚΗ  |z 2014/09/12